Das Götzenbuch : Kitâb Al-Aṣnâm des Ibn al-Kalbî /

Saved in:

Main Author: Ibn al-Kalbī, -819? (Author)

Other Authors: Klinke-Rosenberger, Rosa, 1891-, Zimmerli, Walther, 1907-1983.

Format: Book

Language: German
Arabic

Published: [Zürich] : Winterthur AG., 1942.

Subjects:

Tags: Add Tag

No Tags, Be the first to tag this record!

Call Number: BL1685 .I217 1942

LEADER 01285nam a2200325Ia 4500
001 9175
003 OSt
005 20250915104536.0
008 130303s1942 sz bh b 000 0 ger d
040 |c ARCE Library 
041 1 |a ger  |h ara 
043 |a ar----- 
050 4 |a BL1685 .I217 1942 
100 0 |6 880-01  |a Ibn al-Kalbī,  |d -819?,  |e author 
240 1 0 |a Kitāb al-aṣnām.  |l German and Arabic 
245 1 4 |a Das Götzenbuch :  |b Kitâb Al-Aṣnâm des Ibn al-Kalbî /  |c vorgelegt von Rosa Klinke-Rosenberger ; angenommen auf Antrag von W. Zimmerli. 
264 1 |a [Zürich] :   |b Winterthur AG.,   |c 1942. 
300 |a 142, [40] pages :  |b facsimiles, color map ;  |c 23 cm. 
500 |a Thesis (Ph. D.)--Universität Zürich. 
504 |a Bibliography : pages 9-12. 
650 0 |a Arab cults. 
650 0 |a Idols and images  |x Worship. 
651 0 |a Arabian Peninsula  |x Religion. 
700 1 |a Klinke-Rosenberger, Rosa,  |d 1891-  |9 34034 
700 1 |a Zimmerli, Walther,  |d 1907-1983. 
852 |a IN  |c 20090707084408.0n  |p 8907 
880 0 |6 6100-01/(3/r  |a ابن الكلبي،‪‪‪‪‪‪‪‪‪‪‪‪‪‪‪‪‪‪‪‪‪‪‪‪‪‪‪‪‪‪‪‪‪‪‪‪‪‪‪‪‪‪‪‪‪‪‪‪‪  |d -819?. 
901 |a reviewed 
942 |c BK  |2 lcc 
999 |c 11760  |d 11760